| 000 | 00770nam a22002297a 4500 | ||
|---|---|---|---|
| 003 | UA-OsUOA | ||
| 001 | 75889 | ||
| 007 | ta | ||
| 008 | 20110606b un ||||| |||| 00| 0 ukr d | ||
| 090 |
_a016:78(092) _bМ59 |
||
| 942 | _cBK | ||
| 040 |
_aUA-OsUOA _bukr _cUA-OsUOA _dUA-OsUOA |
||
| 245 |
_aМикола Лисенко. Бібліографія _bнаук.-допом. бібліогр. покажч. _cупоряд.: І.О.Негрейчук, Р.М.Скорульська, М.В.Чуєва |
||
| 300 | _a223 с. | ||
| 955 | _a2 | ||
| 041 | _aukr | ||
| 080 | _a016:78(092) | ||
| 020 | _a978-966-03-4729-8 | ||
| 260 |
_aХарків _bФоліо _c2009 |
||
| 650 | 7 |
_a01 Бібліографія і бібліографії. Каталоги _2UDC |
|
| 999 |
_c362187 _d362187 |
||